| 000 | 00452pab a2200169 454500 | ||
|---|---|---|---|
| 008 | 180718b1997 xxu||||| |||| 00| 0 eng d | ||
| 100 | _aChoudhury, Vivek | ||
| 245 | _aInformation specificity and environmental scanning: an economic perspective | ||
| 260 | _c1997 | ||
| 300 | _ap.25-53 | ||
| 362 | _aMar | ||
| 650 | _aBusiness environment | ||
| 650 | _aOrganizations | ||
| 700 | _aSampler, Jeffrey L. | ||
| 773 | _aMIS Quarterly | ||
| 909 | _a35855 | ||
| 999 |
_c35855 _d35855 |
||